[Event "EU-ch Union SCIPT"]
[Site "DEN"]
[Date "1999.??.??"]
[Round "4"]
[White "Puschmann, Laszlo"]
[Black "Schwartz, AJ."]
[Result "1-0"]
[WhiteElo "2285"]
[BlackElo "2215"]

1.d4 Nf6 2.Bg5 e6 3.e3 Be7 4.Nd2 O-O 5.Bd3 b6 6.Qe2 Bb7 7.f4 d5 8.Bxf6 Bxf6
9.Ngf3 c5 10.c3 Nd7 11.h4 Be7 12.g4 Nf6 13.Qg2 Ne4 14.Ng5 cxd4 15.Ndxe4 dxe4
16.Bxe4 Bxe4 17.Qxe4 g6 18.O-O-O e5 19.exd4 exf4 20.Qxf4 Qd5 21.Kb1 b5 22.Rhe1 Bd6
23.Qf3 Qxf3 24.Nxf3 Rfc8 25.Kc2 a5 26.Kd3 Kg7 27.Re2 Ra6 28.Rf1 Bg3 29.g5 Rc7
30.Rg1 Bd6 31.Nd2 Be7 32.Rge1 Raa7 33.Ne4 f5 34.gxf6+ Bxf6 35.Nxf6 Kxf6 36.Rf1+ Kg7
37.Re5 Rab7 38.Rf2 Rc8 39.a4 b4 40.c4 b3 41.Rb5 Re7 42.Rxb3 Re1 43.c5 Rd1+
44.Kc4 Rc1+ 45.Rc3 Rh1 46.Rf4  1-0

[Event "Dresden op"]
[Site "Dresden"]
[Date "1999.??.??"]
[Round "?"]
[White "Schmidt, Bodo"]
[Black "Schnitzspan, Lothar"]
[Result "1-0"]
[WhiteElo "2380"]
[BlackElo "2320"]

1.d4 Nf6 2.Bg5 e6 3.e4 h6 4.Bxf6 Qxf6 5.Qd2 c5 6.e5 Qd8 7.d5 exd5 8.Qxd5 Be7
9.Nc3 Nc6 10.O-O-O Qa5 11.Kb1 O-O 12.Qe4 Re8 13.Bd3 g6 14.Bc4 Kg7 15.Qd5 Rf8
16.f4 b5 17.Be2 b4 18.Ne4 Rb8 19.Qd2 Nd4 20.Bc4 Ba6 21.Bxa6 Qxa6 22.Nf3 Nxf3
23.gxf3 c4 24.f5 b3 25.axb3 cxb3 26.f6+ Kh7 27.cxb3 Bb4 28.Qxd7 Rb5 29.Rd5 Ra5
30.Rxa5 Bxa5 31.Ng5+ Kg8 32.Nxf7  1-0

[Event "Edinburgh op"]
[Site "Edinburgh"]
[Date "1999.??.??"]
[Round "2"]
[White "Summerscale, Aaron"]
[Black "Rutherford, William"]
[Result "1-0"]
[WhiteElo "2450"]
[BlackElo "2190"]

1.d4 Nf6 2.Bg5 e6 3.e4 h6 4.Bxf6 Qxf6 5.c3 d6 6.Bd3 Nd7 7.Ne2 g5 8.O-O c5
9.f4 Qd8 10.Nd2 Bg7 11.Nc4 Nb6 12.f5 exf5 13.exf5 O-O 14.Qd2 Nd5 15.Rad1 Re8
16.dxc5 dxc5 17.Bb1 b5 18.Na5 Bf6 19.Ng3 Ne3 20.Qxd8 Bxd8 21.Be4 Nxf1 22.Kxf1 Bxa5
23.Bxa8 Ba6 24.Bd5 Rd8 25.b4 cxb4 26.cxb4 Bb7 27.Ne4 Bb6 28.Nc3 Bxd5 29.Rxd5 Rxd5
30.Nxd5 Bd4 31.Nc7 Bc3 32.a3 Bb2 33.Nxb5 a6 34.Nc7 Bxa3 35.Nxa6 Kg7 36.b5 Kf6
37.b6 Bd6 38.Kg1 Kxf5 39.b7 Kg4 40.b8=Q Bxb8 41.Nxb8 f5 42.Nc6 f4 43.Nd4 Kh5
44.Kf2 Kg4 45.Ke2 h5 46.h3+ Kg3 47.Kf1 g4 48.Ne2+ Kh4 49.Nxf4 gxh3 50.Nxh3 Kg3
51.Kg1 h4 52.Kh1 Kg4 53.Kh2 Kf5 54.Nf2 Kf4 55.Kh3 Kg5 56.Ne4+ Kh5 57.Nd2  1-0

[Event "Cataluna Club op"]
[Site "ESP"]
[Date "1999.??.??"]
[Round "?"]
[White "Gonzalez Garcia, Marc"]
[Black "Sanchez Niubo, Albert"]
[Result "1/2-1/2"]
[WhiteElo "2075"]
[BlackElo "1895"]

1.d4 Nf6 2.Bg5 e6 3.Nd2 d5 4.e3 b6 5.c3 Bb7 6.Bd3 Nbd7 7.f4 Be7 8.Ngf3 Ne4
9.Bxe7 Qxe7 10.O-O O-O 11.Ne5 Nxe5 12.fxe5 f5 13.exf6 Nxf6 14.Nf3 Ng4 15.Qe2 e5
16.Nxe5 Nxe5 17.dxe5 Qxe5 18.Rxf8+ Rxf8 19.g3 c5 20.Rf1 Re8 21.Re1 Bc8 22.e4 d4
23.c4 Bh3 24.Rd1 Rf8 25.Qe1 Bg4 26.Rd2 Rf3 27.Be2 Re3 28.Qf1 Qd6  1/2-1/2

[Event "Cataluna-chT"]
[Site "ESP"]
[Date "1999.??.??"]
[Round "1"]
[White "Lillo Ferrer, JM."]
[Black "Codina Garcia, Jose"]
[Result "1/2-1/2"]
[WhiteElo "2260"]
[BlackElo "2220"]

1.d4 Nf6 2.Bg5 e6 3.e4 d5 4.e5 h6 5.Be3 Nfd7 6.c3 c5 7.Nf3 Nc6 8.Be2 cxd4
9.cxd4 Nb6 10.O-O Bd7 11.Nc3 Na5 12.Nd2 h5 13.f4 g6 14.Rc1 a6 15.b3 Rc8 16.Nf3 Nc6
17.Nb1 Na7 18.a4 Nc6 19.Bf2 Be7 20.h3 Nb4 21.Nc3 Bc6 22.g4 hxg4 23.hxg4 Kd7
24.Kg2 Rh7 25.Qd2 Na8 26.Bg3 Qb6 27.g5 Rch8 28.Nh2 Nc7 29.Ng4 Ne8 30.Nd1 Kd8
31.Nde3 Bd7 32.Nh6 Nc6 33.Rcd1 Na5 34.Rh1 Rf8 35.Rb1 Bb4 36.Qd3 Nc6 37.Nc2 a5
38.Bf2 Be7 39.Rh3 Nc7 40.Rbh1 Na6 41.Ng4 Ncb4 42.Nxb4 Nxb4 43.Qc3 Rxh3 44.Rxh3 Nc6
45.Rh7  1/2-1/2

[Event "Helsinki-ch"]
[Site "Helsinki"]
[Date "1999.??.??"]
[Round "?"]
[White "Manninen, Marko"]
[Black "Haapasalo, Jukka Pekka"]
[Result "1-0"]
[WhiteElo "2404"]
[BlackElo "2249"]

1.d4 Nf6 2.Bg5 e6 3.e4 h6 4.Bxf6 Qxf6 5.Qd2 d6 6.Nc3 Qd8 7.f4 Be7 8.Nf3 c6
9.O-O-O Nd7 10.Kb1 d5 11.Bd3 b5 12.f5 exf5 13.exd5 b4 14.dxc6 bxc3 15.cxd7+ Bxd7
16.Qxc3 Rc8 17.Bc4 O-O 18.Ne5 Bd6 19.Qd3 Qc7 20.Bb3 a5 21.Nxd7 Qxd7 22.a4 Kh8
23.Qh3 Kh7 24.Qd3 g6 25.h3 Rb8 26.Qc4 Rb4 27.Qd5 Rfb8 28.Rd3 Qe7 29.Rc3 R4b7
30.Rc6 Bb4 31.Qc4 Kg7 32.Rf1 Bd6 33.Ka2 h5 34.Qd5 Bg3 35.Rf3 h4 36.Rfc3 Qe4
37.R6c5 Re7 38.Rc8 Rb4 39.Qd8 Kh6 40.R8c4 Rxc4 41.Bxc4 Kg7 42.Qd5 Bf2 43.Rd3 Rc7
44.c3 Bg3 45.Rd2 Re7 46.Qb5 Bf4 47.Re2 Be3 48.Qxa5 f4 49.Qd5 f5 50.a5 Ra7
51.Qg8+ Kh6 52.Qh8+ Kg5 53.Qd8+ Kh5 54.Qb6 Rb7 55.Qe6 Ra7 56.Qxe4 fxe4 57.b4 Rc7
58.Kb3 g5 59.Be6 Kg6 60.Bg4 Rf7 61.a6 f3 62.gxf3 exf3 63.Rxe3 f2 64.Be2 f1=Q
65.Bxf1 Rxf1  1-0

[Event "Hessen-ch int"]
[Site "Hessen"]
[Date "1999.??.??"]
[Round "2"]
[White "Senk, Christian"]
[Black "Kortschnoj, Viktor"]
[Result "0-1"]
[WhiteElo "2145"]
[BlackElo "2675"]

1.d4 Nf6 2.Bg5 e6 3.Nd2 h6 4.Bh4 Nc6 5.e3 d6 6.c4 Bd7 7.Ngf3 g5 8.Bg3 Bg7
9.Bd3 Qe7 10.a3 Nh5 11.Ng1 Nxg3 12.hxg3 O-O-O 13.Ne2 h5 14.Qc2 g4 15.O-O-O h4
16.gxh4 Rxh4 17.Rxh4 Qxh4 18.Ng3 Rh8 19.Rh1 Qf6 20.Rxh8+ Bxh8 21.Nb3 Kb8
22.Qe2 e5 23.d5 Ne7 24.Nd2 Qh4 25.Ndf1 Bg7 26.Qc2 a5 27.b3 f5 28.e4 f4 29.Nf5 Nxf5
30.exf5 Qh1 31.Qe2 Qxg2 32.Be4 Qg1 33.c5 f3 34.Qe1 Bb5 35.cxd6 cxd6 36.Qxa5 Qxf1+
37.Kb2 Qxf2+ 38.Kb1 Qf1+ 39.Kc2 Qe2+ 40.Kc1 Bh6+ 41.Kb1 Qxe4+  0-1

[Event "Hessen-ch int"]
[Site "Hessen"]
[Date "1999.??.??"]
[Round "7"]
[White "Winants, Luc"]
[Black "Seul, Georg"]
[Result "1/2-1/2"]
[WhiteElo "2510"]
[BlackElo "2445"]

1.d4 Nf6 2.Bg5 e6 3.e3 c5 4.Nf3 Be7 5.c4 b6 6.Nc3 Bb7 7.Bd3 h6 8.Bh4 cxd4
9.exd4 Bxf3 10.Qxf3 Nc6 11.Ne2 Bb4+ 12.Kf1 Be7 13.Rd1 Rc8 14.Bb1 d5 15.Bxf6 Bxf6
16.cxd5 Qxd5 17.Qxd5 exd5 18.g3 g6  1/2-1/2

[Event "HUN-chT9899"]
[Site "HUN"]
[Date "1999.??.??"]
[Round "?"]
[White "Berkes, Ferenc"]
[Black "Sziebert, Adam"]
[Result "0-1"]
[WhiteElo "2290"]
[BlackElo "2330"]

1.d4 Nf6 2.Bg5 e6 3.Nd2 h6 4.Bh4 c5 5.e3 cxd4 6.exd4 Nc6 7.Ngf3 d5 8.c3 Bd6
9.Bd3 O-O 10.O-O e5 11.dxe5 Nxe5 12.Nxe5 Bxe5 13.Re1 Qd6 14.Nf3 Bg4 15.Rxe5 Bxf3
16.Qe1 Ng4 17.Bg3 Nxe5 18.Bxe5 Qe6 19.Bd4 Qxe1+ 20.Rxe1 Be4 21.Bxe4 dxe4
22.Rxe4 Rfe8 23.f3 Rxe4 24.fxe4 f6 25.Kf2 Kf7 26.Ke3 h5 27.a4 g5 28.b3 a6
29.Kd3 Re8 30.c4 Ke6 31.c5 f5 32.exf5+ Kxf5 33.b4 Re1 34.b5 Ke6 35.c6 bxc6
36.bxa6 Kd5 37.Be3 Ra1  0-1

[Event "HUN-chT9899"]
[Site "HUN"]
[Date "1999.??.??"]
[Round "?"]
[White "Szabo, Zsolt"]
[Black "Dory, J."]
[Result "1/2-1/2"]
[WhiteElo "2415"]
[BlackElo "2340"]

1.d4 Nf6 2.Bg5 e6 3.e4 h6 4.Bxf6 Qxf6 5.c3 d6 6.Bd3 g5 7.Ne2 h5 8.O-O e5
9.dxe5 dxe5 10.Ng3 Nc6 11.Nd2 g4 12.Nf5 Bh6 13.Nc4 Bxf5 14.exf5 O-O-O 15.Qe2 h4
16.Be4 g3 17.Qf3 gxh2+ 18.Kh1 Rhe8 19.b4 Rd7 20.a4 Nd8 21.b5 Bf8 22.Ra2 Bc5
23.Rfa1 Qh6 24.Na5 Qb6 25.Nb3 a5 26.c4  1/2-1/2

[Event "HUN-chT9899"]
[Site "HUN"]
[Date "1999.??.??"]
[Round "?"]
[White "Kallai, Gabor"]
[Black "Peter, Ambrus"]
[Result "1-0"]
[WhiteElo "2505"]
[BlackElo "2405"]

1.d4 Nf6 2.Bg5 e6 3.e3 c5 4.c3 d5 5.Nd2 Nc6 6.f4 Qb6 7.Rb1 Bd7 8.Bd3 O-O-O
9.Ngf3 h6 10.Bh4 Be7 11.b4 cxd4 12.cxd4 g5 13.fxg5 Ng4 14.Qe2 e5 15.b5 Nxd4
16.exd4 e4 17.O-O hxg5 18.Bg3 Bd6 19.Bxd6 Qxd6 20.Bxe4 dxe4 21.Nxe4 Qb6 22.h3 Nh6
23.Nc5 Rhe8 24.Ne5 Bf5 25.Rbc1 Kb8 26.Rxf5 Ka8 27.Rf2 Rxd4 28.Ncd7 Qd8 29.Qb2 Rd5
30.Rfc2 Nf5 31.Qb3 Rxd7 32.Rc8+  1-0

[Event "HUN-chT9899"]
[Site "HUN"]
[Date "1999.??.??"]
[Round "?"]
[White "Puschmann, Laszlo"]
[Black "Vajda, Szidonia"]
[Result "1/2-1/2"]
[WhiteElo "2290"]
[BlackElo "2270"]

1.d4 Nf6 2.Bg5 e6 3.e3 d5 4.Nd2 Nbd7 5.c3 Bd6 6.f4 h6 7.Bh4 c5 8.Bd3 Qb6
9.Rb1 cxd4 10.cxd4 Nf8 11.Ngf3 Bd7 12.Qe2 Qa5 13.O-O a6 14.a3 Bb5 15.Rbc1 N8d7
16.Rc2 Bxd3 17.Qxd3 Qb5 18.Qxb5 axb5 19.Ne5 O-O 20.Rfc1 Nb6 21.Nf1  1/2-1/2

[Event "Lenk op"]
[Site "Lenk"]
[Date "1999.??.??"]
[Round "5"]
[White "Curien, Nicolas"]
[Black "Erdelyi, Tamas"]
[Result "1/2-1/2"]
[WhiteElo "2215"]
[BlackElo "2324"]

1.d4 Nf6 2.Bg5 e6 3.c3 b6 4.e3 Bb7 5.Nf3 Be7 6.Nbd2 c5 7.Bd3 cxd4 8.exd4 d6
9.Bxf6 Bxf6 10.Ne4 Be7 11.Qe2 a6 12.h4 h6 13.O-O-O b5 14.Kb1 Nd7 15.h5 Nb6
16.Nfd2 Bxe4 17.Nxe4 d5 18.Nd2 Na4 19.Bc2 Qa5 20.Rh3 Rc8 21.f4 Rc6 22.f5 Bf6
23.fxe6 fxe6 24.Re3 Kd7 25.Re1 Re8 26.Nf3 Qd8 27.Ne5+ Bxe5 28.Rxe5 Nb6 29.Bg6 Re7
30.Qg4 Qf8 31.R5e3 Nc4 32.R3e2 a5 33.Qg3 b4 34.cxb4 axb4 35.Rf2 Qa8 36.b3 Na3+
37.Kb2 Nb5 38.Qd3  1/2-1/2

[Event "South Wales 3rd"]
[Site "Newport"]
[Date "1999.??.??"]
[Round "8"]
[White "Dunworth, Christopher"]
[Black "Webster, Andrew"]
[Result "1/2-1/2"]
[WhiteElo "2305"]
[BlackElo "2425"]

1.d4 Nf6 2.Bg5 e6 3.Nf3 h6 4.Bh4 c5 5.e3 b6 6.a4 cxd4 7.exd4 Be7 8.Bd3 O-O
9.O-O a6 10.Re1 d6 11.Nbd2 Ra7 12.c3 Nh5 13.Bxe7 Rxe7 14.Qb3 Bb7 15.Be4 Nf6
16.Bxb7 Rxb7 17.Nc4 Nc6 18.Qa3 Rd7 19.Qb3 Nd5 20.Ne3 Nce7 21.Nxd5 Nxd5 22.c4 Ne7
23.d5 e5 24.a5 Rb7 25.c5 dxc5 26.Rad1 b5 27.Nxe5 Nf5 28.d6 Nxd6 29.Qd5 Re7
30.Qxd6 Qxd6 31.Rxd6 Rfe8 32.f4 f6 33.Rxa6 fxe5 34.Rxe5 Rxe5 35.fxe5 Rxe5
36.Rb6 b4 37.Kf2 c4 38.Rxb4 Rxa5 39.Rxc4 Rb5 40.b4 Kf7 41.Re4 h5 42.h3 Kf6
43.g4 h4 44.Ke3 Rb8 45.Kf4 Rb5 46.Ke3 Rb8 47.Kd3 Kg5 48.Kc3 Rb7 49.Kb3 Rb8
50.Re7 Kf4 51.Rxg7 Kg3 52.g5 Kxh3 53.g6 Kg2 54.Rh7 h3 55.g7 h2 56.Kc4 h1=Q
57.Rxh1 Kxh1 58.Kd5 Rg8 59.b5 Rxg7 60.b6 Rb7 61.Kc6 Rxb6+ 62.Kxb6  1/2-1/2

[Event "CXG Interno 4th"]
[Site "Rio de Janeiro"]
[Date "1999.??.??"]
[Round "6"]
[White "Lopez Aguilar, Ricardo"]
[Black "Pereira Neto, Miguel"]
[Result "0-1"]
[WhiteElo "2097"]
[BlackElo "1795"]

1.d4 Nf6 2.Bg5 e6 3.e3 d5 4.Bd3 Be7 5.Bxf6 Bxf6 6.Nd2 c5 7.c3 Nc6 8.f4 O-O
9.Ngf3 Qb6 10.b3 Bd7 11.Ne5 Be8 12.O-O Na5 13.Bxh7+ Kxh7 14.Qh5+ Kg8 15.Rf3 g6
16.Qh6 Bg7 17.Qh4 f6 18.Ng4 Nc6 19.Rh3 Kf7 20.Nh6+ Ke7 21.Nf3 cxd4 22.Nxd4 Nxd4
23.cxd4 Qb5 24.Rf1 Qe2 25.Rhf3 Qxa2 26.f5 gxf5 27.Nxf5+ exf5 28.Rxf5 Qxb3
29.Re5+ Kd8 30.Re6 Rc8 31.Rexf6 Bxf6 32.Rxf6 Qxe3+ 33.Rf2+ Qe7  0-1

[Event "Sportland-NRW-Cup"]
[Site "Senden"]
[Date "1999.??.??"]
[Round "2"]
[White "Jugelt, Tobias"]
[Black "Aleksandrov, Aleksej"]
[Result "0-1"]
[WhiteElo "2400"]
[BlackElo "2615"]

1.d4 Nf6 2.Bg5 e6 3.e3 h6 4.Bh4 b6 5.Qf3 Nc6 6.c3 Bb7 7.e4 g5 8.Bg3 h5 9.h3 g4
10.Qd3 h4 11.Bh2 Rg8 12.hxg4 Nxg4 13.Nf3 h3 14.Bg3 hxg2 15.Bxg2 Qf6 16.e5 Qg7
17.Nbd2 O-O-O 18.O-O-O Be7 19.Rdg1 f5 20.exf6 Qxf6 21.Rh7 Qf8 22.Nc4 Kb8
23.Ne3 Nxe3 24.Qxe3 Qf5 25.Rgh1 Rdf8 26.R1h5 Qg6 27.Nd2 Bg5 28.Qe4 Qxe4 29.Bxe4 d6
30.Kd1 Bf4 31.Bxf4 Rxf4 32.Rh8 Rgf8 33.Rxf8+ Rxf8 34.Ke2 Ne7 35.f3 Nd5 36.Bxd5 Bxd5
37.c4 Bc6 38.Ke3 Rg8 39.Kf2 Kc8 40.Rh7 Rg5 41.Re7 Rg6 42.Rh7 a6 43.b3 b5
44.a3 Rg5 45.Rh6 bxc4 46.bxc4 Ra5 47.Rxe6 Rxa3 48.d5 Bd7 49.Re3 Ra2 50.Ke1 a5
51.Rc3 a4 52.Ne4 a3 53.Nd2 Ra1+ 54.Ke2 a2 55.Ra3 Bf5 56.Kf2 Bc2 57.f4 Rd1
58.Rxa2 Rxd2+ 59.Ke3 Rg2 60.f5 Be4 61.Ra8+ Kb7 62.f6 Bg6 63.Rg8 Rg5 64.Kd4 Rg3
65.c5 dxc5+ 66.Kxc5 Rg1 67.d6 Rg5+ 68.Kd4 c5+ 69.Kc3 Rg3+ 70.Kd2 Kc6 71.f7 Rd3+
72.Ke2 Bxf7 73.Rc8+ Kd7 74.Rc7+ Kxd6 75.Rxf7 Rd4 76.Ke3 Kc6  0-1

[Event "St Lorrain Masters-B"]
[Site "St Lorrain"]
[Date "1999.??.??"]
[Round "?"]
[White "Legky, Nikolay A"]
[Black "Tagnon, Nicole"]
[Result "1-0"]
[WhiteElo "2495"]
[BlackElo "2100"]

1.d4 Nf6 2.Bg5 e6 3.e4 Be7 4.Bd3 d6 5.Nf3 Nbd7 6.Nbd2 c5 7.e5 dxe5 8.dxe5 Nd5
9.Bxe7 Qxe7 10.Ne4 O-O 11.h4 Nf4 12.Neg5 f5 13.Qd2 Nxd3+ 14.Qxd3 b5 15.O-O-O Nb6
16.Qd6 Qxd6 17.exd6 h6 18.Nh3 Nd5 19.b3 Rd8 20.Ne5 c4 21.bxc4 bxc4 22.Rd4 Rxd6
23.Rxc4 Bb7 24.Rd1 Ra6 25.a4 Ra5 26.Ng6 Kh7 27.Ngf4 e5 28.Ne6 Rc8 29.Rxc8 Bxc8
30.Nf8+ Kg8 31.Ng6 Bb7 32.c4 Nf6 33.Ne7+ Kh7 34.Nxf5 Rxa4 35.Ne3 Ra1+ 36.Kd2 Rxd1+
37.Kxd1 a5 38.f3 a4 39.Nf2 Kg6 40.Kc2 h5 41.Kc3 e4 42.f4 Ng4 43.Nfxg4 hxg4
44.g3 Bc8 45.Kd4 a3 46.Kc3 Kf6 47.Kb3 Ke6 48.Kxa3 Kd6 49.Kb4 Kc6 50.Nc2 Bd7
51.Nd4+ Kc7 52.Kc3 Kb6 53.Kd2 Kc5 54.Ke3 Kxc4 55.Kxe4 Ba4 56.f5 Bd7 57.Ne6 g6
58.fxg6 Bxe6 59.h5  1-0

[Event "SVK-chT 9899"]
[Site "SVK"]
[Date "1999.??.??"]
[Round "8"]
[White "Berkes, Ferenc"]
[Black "Zetocha, Claudiu"]
[Result "1-0"]
[WhiteElo "2350"]
[BlackElo "2400"]

1.d4 Nf6 2.Bg5 e6 3.Nd2 h6 4.Bh4 d5 5.Ngf3 c5 6.e3 Nc6 7.c3 Be7 8.Bd3 O-O
9.O-O b6 10.Ne5 Bb7 11.f4 Ne8 12.Bxe7 Nxe7 13.Qe2 Nd6 14.Rae1 a5 15.Kh1 Rb8
16.Rg1 Qe8 17.Ref1 f6 18.Ng4 Nf7 19.Rf3 Nf5 20.Rh3 Qe7 21.Bb1 N7d6 22.Nf2 Qf7
23.Qd3 e5 24.fxe5 fxe5 25.dxe5 Nc4 26.Rf3 Nxd2 27.Qxd2 Qe6 28.Qd3 g6 29.Ng4 Kg7
30.Rgf1 c4 31.Qe2 d4 32.exd4 Bxf3 33.Rxf3 Nxd4 34.cxd4 Qxg4 35.Be4 Rxf3 36.gxf3 Qe6
37.f4 Rd8 38.d5 Rxd5 39.Bxd5 Qxd5+ 40.Kg1 Qd4+ 41.Kg2 Qxf4 42.e6 Kf8 43.e7+ Ke8
44.a4 Qg5+ 45.Kh1 Qd5+ 46.Kg1 Qd4+ 47.Kg2 Qd5+ 48.Kg1 Qc6 49.Kf2 h5 50.h4 c3
51.bxc3 Qxa4 52.c4 Qc6  1-0

[Event "SVK-chT 9899"]
[Site "SVK"]
[Date "1999.??.??"]
[Round "10"]
[White "Meszaros, Gyula"]
[Black "Stohl, Igor"]
[Result "1/2-1/2"]
[WhiteElo "2310"]
[BlackElo "2560"]

1.d4 Nf6 2.Bg5 e6 3.Nd2 h6 4.Bh4 d6 5.e4 Nbd7 6.Ngf3 g5 7.Bg3 Nh5 8.Bd3 Bg7
9.c3 a6 10.Qe2 Qe7 11.Nc4 b6 12.Nfd2 Nxg3 13.hxg3 Bb7 14.f4 Rg8 15.O-O-O Bf8
16.Ne3 Kd8 17.Ng4 gxf4 18.gxf4 Nf6 19.Ne3 Nd7 20.Ng4 Nf6 21.Ne3 Nd7 22.Ng4 Nf6  1/2-1/2

[Event "SWZ-chT"]
[Site "SWZ"]
[Date "1999.??.??"]
[Round "3"]
[White "Maeser, Fabian"]
[Black "Sokolov, Andrei"]
[Result "0-1"]
[WhiteElo "2285"]
[BlackElo "2567"]

1.d4 Nf6 2.Bg5 e6 3.Nd2 d5 4.e3 c5 5.Ngf3 Nbd7 6.c3 Be7 7.Bd3 b6 8.O-O Bb7
9.Ne5 Nxe5 10.dxe5 Nd7 11.Bxe7 Qxe7 12.f4 a6 13.e4 c4 14.Be2 b5 15.exd5 Bxd5
16.Nf3 Rd8 17.Nd4 O-O 18.Qe1 Nc5 19.Qg3 f5 20.exf6 Rxf6 21.Qe3 Qf7 22.b4 Nd3
23.g3 Qg6 24.a4 Rdf8 25.Bxd3 cxd3 26.axb5 axb5 27.Rad1 Qh5 28.Nf3 h6 29.Ne5 Qe2
30.Qf2 Qe4 31.Nf3 Rxf4 32.gxf4 Rxf4 33.Qg2 Rg4 34.Rd2 Rxg2+ 35.Rxg2 Qe3+  0-1

[Event "Texas-J"]
[Site "USA"]
[Date "1999.??.??"]
[Round "4"]
[White "Cearley, Jonathan"]
[Black "Bradford, Matthew R"]
[Result "1/2-1/2"]
[WhiteElo "1770"]
[BlackElo "1795"]

1.d4 Nf6 2.Bg5 e6 3.Nf3 c5 4.e3 d5 5.Nbd2 Nbd7 6.c3 b6 7.Bd3 Bd6 8.O-O Qc7
9.Re1 Bb7 10.Qb1 h6 11.Bh4 O-O 12.Bg3 Rfe8 13.Bxd6 Qxd6 14.e4 Nxe4 15.Nxe4 dxe4
16.Bxe4 Bxe4 17.Qxe4 Nf6 18.Qc2 Rac8 19.dxc5 Qxc5 20.h3 Red8 21.Rad1 Rd5
22.Rxd5 Nxd5  1/2-1/2

[Event "Mislata op8th"]
[Site "Valencia"]
[Date "1999.??.??"]
[Round "9"]
[White "Bellon Lopez, Juan Manuel"]
[Black "Braga, Fernando"]
[Result "1/2-1/2"]
[WhiteElo "2463"]
[BlackElo "2461"]

1.d4 Nf6 2.Bg5 e6 3.Nf3 c5 4.e3 Be7 5.c4 cxd4 6.exd4 d5 7.Nc3 O-O 8.Rc1 b6
9.Be2 dxc4 10.Bxc4 Bb7 11.O-O Nc6 12.a3 Rc8 13.Qd3 Qd6 14.Rfd1 Rfd8 15.Ba2 a6
16.h3 b5 17.b4 Nb8 18.Ne5 Nbd7 19.Bf4 Nxe5 20.Bxe5 Qb6 21.d5 exd5 22.Bxf6 Bxf6
23.Nxd5 Rxc1 24.Rxc1 Bxd5 25.Bxd5 Qd6 26.Rc8 Kf8 27.Rxd8+ Qxd8 28.Qe4 Qe7  1/2-1/2

[Event "Challengers"]
[Site "Hastings ENG"]
[Date "2000.01.05"]
[Round "8"]
[White "Pert,R"]
[Black "Arkell,K"]
[Result "0-1"]
[WhiteElo "2308"]
[BlackElo "2462"]

1.d4 Nf6 2.Bg5 e6 3.e4 h6 4.Bxf6 Qxf6 5.c3 g6 6.Bd3 d6 7.Ne2 Nd7 8.O-O d5
9.exd5 exd5 10.f4 Bd6 11.Ng3 O-O 12.Qf3 c6 13.Nd2 Qg7 14.Qe3 Nf6 15.Nf3 Ng4
16.Qd2 Qf6 17.Ne2 h5 18.Ne5 Qh4 19.Nf3 Qf6 20.Ne5 Nh6 21.f5 Nxf5 22.Ng3 Bxe5
23.dxe5 Qxe5 24.Bxf5 Bxf5 25.Nxf5 gxf5 26.Qg5+ Qg7 27.Qxh5 Qg6 28.Qh4 Rae8
29.Rf3 Re4 30.Qh3 f4 31.Raf1 Rfe8 32.Rxf4 Rxf4 33.Rxf4 Qb1+ 34.Rf1 Qe4 35.Qg3+ Qg6
36.Qf2 b6 37.h3 Re4 38.Qf3 c5 39.Rd1 d4 40.Qd3 Re1+ 41.Kh2 Qd6+ 42.g3 c4
43.Qf3 Rxd1 44.Qxd1 d3 45.Qd2 Qe5 46.Kg2 Kg7 47.h4 Qe4+ 48.Kf2 f6 49.Qd1 Kg6
50.g4 f5 51.gxf5+ Qxf5+ 52.Kg3 Qe5+ 53.Kg2 Qe4+ 54.Kg3 Qe3+ 55.Kg2 Qf4 56.Qe1 Qg4+
57.Kf1 Kh5 58.Qe5+ Kxh4 59.Qf6+ Kh3 60.Qh6+ Kg3 61.Qd2 Qf4+  0-1

[Event "VII Anibal Open"]
[Site "Linares ESP"]
[Date "2000.01.08"]
[Round "2"]
[White "Felizes,P"]
[Black "Wohl,A"]
[Result "0-1"]
[WhiteElo "2140"]
[BlackElo "2440"]

1.d4 Nf6 2.Bg5 e6 3.e4 h6 4.Bxf6 Qxf6 5.Nf3 d6 6.Nc3 Nd7 7.Bc4 a6 8.a4 g5
9.e5 dxe5 10.d5 Nb6 11.Bb3 Bb4 12.dxe6 Bxe6 13.O-O Bxc3 14.bxc3 O-O 15.Re1 Bg4
16.a5 Rad8 17.Qe2 Bxf3 18.gxf3 Nd7 19.Bc4 Rfe8 20.Rad1 e4 21.Rd4 Ne5  0-1

[Event "ch-BRA"]
[Site "Brasilia BRA"]
[Date "2000.01.24"]
[Round "6"]
[White "Roland,M"]
[Black "Benares,R"]
[Result "0-1"]
[WhiteElo "2204"]
[BlackElo "2236"]

1.d4 Nf6 2.Bg5 e6 3.e4 h6 4.Bxf6 Qxf6 5.Nc3 d6 6.Nf3 g5 7.e5 Qe7 8.h4 g4
9.Nd2 dxe5 10.Qxg4 Qb4 11.Nc4 exd4 12.Qxd4 Rg8 13.O-O-O Nc6 14.Qf4 Qe7 15.Ne4 Bg7
16.c3 e5 17.Qf3 Bd7 18.Ne3 O-O-O 19.Bc4 Be6 20.Bd5 Bxd5 21.Nxd5 Qe6 22.Nc5 Qe8
23.Rhe1 Rd6 24.Qf5+ Kb8 25.Kb1 Ne7 26.Nxe7 Qxe7 27.Nd7+ Ka8 28.Rxd6 cxd6
29.Qh7 Rd8 30.Qxg7 Qxd7 31.Qxh6 Qf5+ 32.Ka1 Qxf2 33.Rd1 e4 34.Qg5 f6 35.Qg7 e3
36.Qe7 Rb8 37.g4 e2 38.Rb1 a6 39.a4 Rc8 40.a5 Qf4 41.b4 Qd2 42.h5 Qxc3+ 43.Ka2 Qc2+  0-1

[Event "Perenyi Mem"]
[Site "Gyula HUN"]
[Date "2000.01.24"]
[Round "1"]
[White "Dittmar,P"]
[Black "Wang Rui"]
[Result "1-0"]
[WhiteElo "2308"]
[BlackElo "2496"]

1.d4 Nf6 2.Bg5 e6 3.e4 h6 4.Bxf6 Qxf6 5.Nf3 d6 6.c3 Nc6 7.Bd3 g6 8.Nbd2 Bg7
9.Qe2 e5 10.d5 Nb8 11.a4 O-O 12.a5 Qd8 13.O-O f5 14.exf5 gxf5 15.Ne1 c6 16.Bc4 Kh8
17.f4 Nd7 18.Nd3 Rb8 19.Kh1 e4 20.Nb4 Qc7 21.h3 Nf6 22.Rg1 Bd7 23.Nf1 c5
24.Nc2 b5 25.axb6 Rxb6 26.Nce3 Qb8 27.Ra2 Ng8 28.Ng3 Ne7 29.Nh5 Ng6 30.Rga1 Rb7
31.Ba6 Bb5 32.Bxb5 Rxb5 33.Nxg7 Kxg7 34.Rxa7+ Rb7 35.Qa6 Re7 36.Rxe7+ Nxe7
37.Qa7 Qxa7 38.Rxa7 Kf6 39.Rd7 Ra8 40.Rxd6+ Kf7 41.Rxh6 Ra1+ 42.Kh2 Re1 43.d6 Rxe3
44.Rh7+ Ke6 45.dxe7 Kd7 46.Rf7 c4 47.Rxf5 Kxe7 48.Rc5 Kf6 49.Rxc4 Kf5 50.b4 Kxf4
51.b5 Rd3 52.b6 Rd8 53.b7 Rb8 54.Rb4 Ke3 55.c4 Kd4 56.c5+ Kxc5 57.Rxe4 Rxb7
58.Re1  1-0

[Event "V Ubeda Open"]
[Site "Ubeda ESP"]
[Date "2000.01.27"]
[Round "9"]
[White "Sargissian,G"]
[Black "Sorokin,M"]
[Result "1/2-1/2"]
[WhiteElo "2442"]
[BlackElo "2572"]

1.d4 Nf6 2.Bg5 e6 3.e4 c5 4.e5 h6 5.Bc1 Nd5 6.c4 Ne7 7.dxc5 Nbc6 8.Nc3 Nxe5
9.Nb5 Nf5 10.Bf4 a6 11.Qa4 f6 12.Qa3 axb5 13.Qxa8 bxc4 14.Rc1 Bxc5 15.Bxc4 Bb4+
16.Kf1 O-O 17.Be2 d5 18.Nf3 Nc6 19.Bd2 Be7 20.Qa4 e5 21.Nh4 Ncd4 22.Ng6 Bd7
23.Qa5 Nxe2 24.Kxe2 Qxa5 25.Bxa5 Ra8 26.Nxe7+ Nxe7 27.Rc7 Bb5+ 28.Kd2 Nc6
29.b4 b6 30.a4 Bxa4 31.Bxb6 Bb5 32.Rc1 Ra2+ 33.Rc2 Rxc2+ 34.Kxc2 Nxb4+ 35.Kd2  1/2-1/2

[Event "8th Valle d'Aosta Open"]
[Site "Saint Vincent ITA"]
[Date "2000.02.15"]
[Round "4"]
[White "Tocchioni,D"]
[Black "Ortega,Le"]
[Result "0-1"]
[WhiteElo "2242"]
[BlackElo "2479"]

1.d4 Nf6 2.Bg5 e6 3.e4 h6 4.Bxf6 Qxf6 5.Nf3 d6 6.Nbd2 Nd7 7.Nc4 g6 8.Qd2 Bg7
9.Bd3 Qe7 10.O-O e5 11.c3 O-O 12.a4 Nb6 13.Ne3 a5 14.Bc2 Be6 15.Rfe1 Rfd8
16.Qe2 Qf8 17.Rad1 Bd7 18.b3 Be6 19.Kh1 Kh8 20.d5 Bc8 21.g4 Nd7 22.Rg1 Nc5
23.Rg3 Bf6 24.g5 hxg5 25.Nxg5 Bxg5 26.Rxg5 Nd7 27.Qf3 Qg7 28.Rdg1 Nf8 29.Nf5 Qf6
30.R1g3 Nh7 31.Rh3 Re8 32.Rh6 Kg8 33.Qh5 Nf8 34.h4 Bd7 35.Qg4 Qg7 36.Nxg7 Bxg4
37.Nxe8 Bf3+ 38.Kh2 Rxe8 39.Rg3 Kg7 40.Rxf3 Re7 41.Rxg6+ Nxg6 42.Kg3 Nf4
43.Bd1 f5 44.exf5 Kf6 45.c4 Rg7+ 46.Kh2 Rg2+ 47.Kh1 Rg4 48.Rg3 Rxh4+ 49.Kg1 Nh3+
50.Kg2 Ng5 51.Rg4 Rxg4+ 52.Bxg4 Ne4 53.Bd1 Kxf5 54.Kf1 Kf4 55.Ke1 Ng5 56.Kd2 Nh3
57.Ke2 Ke4 58.f3+ Kd4  0-1

[Event "8th Valle d'Aosta Open"]
[Site "Saint Vincent ITA"]
[Date "2000.02.19"]
[Round "8"]
[White "Tocchioni,D"]
[Black "Scerbo,A"]
[Result "1-0"]
[WhiteElo "2242"]
[BlackElo "2107"]

1.d4 Nf6 2.Bg5 e6 3.e4 Be7 4.Bd3 d6 5.Nf3 Nbd7 6.Qe2 b6 7.Nbd2 Bb7 8.a3 e5
9.Bxf6 Bxf6 10.d5 g6 11.h4 c6 12.c4 cxd5 13.cxd5 Rc8 14.g3 Bg7 15.O-O O-O
16.Rac1 Qe7 17.b4 Bh6 18.Bb5 f5 19.Bc6 Nf6 20.Ng5 Bxg5 21.hxg5 Nxe4 22.Nxe4 fxe4
23.Bxb7 Qxb7 24.Qxe4 Rxc1 25.Rxc1 Qf7 26.Rc2 Kg7 27.Kg2 Kg8 28.f3 Qe7 29.f4 Qf7
30.Rf2 Qf5 31.Qxf5 Rxf5 32.Kf3 exf4 33.gxf4 Rxd5 34.Ke4 Rd1 35.Rc2 d5+ 36.Ke5 d4
37.Kf6  1-0

[Event "Open"]
[Site "Cannes FRA"]
[Date "2000.02.23"]
[Round "4"]
[White "Vasilev,M"]
[Black "Drazic,S"]
[Result "1/2-1/2"]
[WhiteElo "2312"]
[BlackElo "2483"]

1.d4 Nf6 2.Bg5 e6 3.e4 h6 4.Bxf6 Qxf6 5.Nc3 d6 6.Qd2 a6 7.f4 g5 8.f5 Bg7
9.O-O-O Nc6 10.fxe6 fxe6 11.Nf3 g4 12.e5 dxe5 13.Nxe5 Nxe5 14.dxe5 Qg5 15.Qxg5 hxg5
16.Be2 Bxe5 17.Bxg4 Rxh2 18.Rxh2 Bxh2 19.Rh1 Be5 20.Rh7 a5 21.Ne4 a4 22.c3 a3
23.b4 Ra6 24.Kc2 Bd7 25.Nc5 Ba4+ 26.Kc1 Bf4+ 27.Kb1 Bb5 28.Kc2 Ba4+ 29.Nxa4 Rxa4
30.Bxe6 Ra6 31.Bc8 Rb6 32.Kb3 Be5 33.Rh3 Kd8 34.Bf5 c5 35.Kxa3 Bxc3 36.Rd3+ Ke7
37.bxc5 Bb4+ 38.Kb3 Bxc5+ 39.Kc4 Bd6 40.g4 Kf6 41.Re3 Be5 42.Rh3 Ra6 43.Rh6+ Kf7
44.Rh7+ Bg7 45.Rh2 Be5 46.Re2 Kf6 47.Kb5 Bc7 48.a4 Rb6+ 49.Kc5 Rc6+ 50.Kd5 Rd6+
51.Kc5 Ra6 52.Bd7 Rd6 53.Bc8 Rc6+ 54.Kd5 Rd6+ 55.Kc5 Rc6+ 56.Kd5 Rd6+ 57.Kc5  1/2-1/2

[Event "Open"]
[Site "Cannes FRA"]
[Date "2000.02.24"]
[Round "5"]
[White "Lukasiewicz,G"]
[Black "Beudaert,X"]
[Result "1-0"]
[WhiteElo "2348"]
[BlackElo "2184"]

1.d4 Nf6 2.Bg5 e6 3.e3 b6 4.Nf3 Bb7 5.Nbd2 Be7 6.Bd3 d5 7.Qe2 c5 8.c3 Nc6
9.O-O O-O 10.Rad1 Rc8 11.Rfe1 Qc7 12.dxc5 bxc5 13.e4 dxe4 14.Nxe4 Nd5 15.Bb1 Rfd8
16.Qc2 g6 17.Qc1 Bxg5 18.Qxg5 Qe7 19.Qh6 f6 20.h4 f5 21.Nxc5 Qxc5 22.Ng5 Nf6
23.Nxe6 Qe7 24.Nxd8 Rxd8 25.Rxd8+ Qxd8 26.Bc2 Qd6 27.Bb3+ Kh8 28.Re6 Qh2+
29.Kxh2 Ng4+ 30.Kg1 Nxh6 31.Bd5 Na5 32.Re8+  1-0